000
nam a22 7a 4500
999
_c
48830
_d
48830
003
OSt
005
20190905130619.0
008
190905b xxu||||| |||| 00| 0 eng d
040
_c
IIMT UNIVERSITY
100
_a
SHARMA
245
_a
PHARMACEUTICS -I
260
_a
NEW DELHI
_b
TARA PUB
_c
2019
300
_a
200
942
_2
ddc
_c
01